01647nab a2200385 i 450000100060000000300080000600500170001400600190003100700150005000800410006502200140010603500210012004000310014105000220017208200170019410000310021124501570024226400970039930000450049631000150054133600310055633700330058733800430062036200510066354600230071458801270073759001640086465000200102865000230104865500320107177300600110379700190116385600620118299900170124468376FlNmELB20241217142905.0m o d | cr cnu||||||||141002c20059999mx qr p o 0 b0spa d a1405-7743 a(OCoLC)992052595 aFINmELBbspaerdacFINmELB 4aTK9145bB363 20050 a333.79242231 aBazán Perkins, Sergio D.13aLa energía nuclear, una alternativa de sustentabilidad para resolver la demanda eléctrica en México :bprimera parte /cSergio D. Bazán Perkins. 1aMexico D.F. :bUniversidad Nacional Autónoma de México. Facultad de Ingeniería,c2005. a1 recurso en línea (187-205 páginas) aTrimestral atextobtxt2rdacontent/spa acomputadorabc2rdamedia/spa arecurso en líneabcr2rdacarrier/spa0 aNúmero 3, volumen 6 (julio-septiembre 2005)- aEspañol/Inglés aDescripción basada en recurso en línea; Título de la página del título en PDF (e-libro, visto October 02, 2014). aRecurso electrónico. Santa Fe, Arg.: e-libro, 2015. Disponible vía World Wide Web. El acceso puede estar limitado para las bibliotecas afiliadas a e-libro. 0aNuclear energy. 4aEnergía nuclear. 4aArtículos electrónicos.0 tIngeniería. Investigación y Tecnologíax1405-77432 ae-libro, Corp.40uhttps://elibro.net/ereader/politecnicointernacional/19482 c68376d68376